Tudományszervezési tájékoztató

Enregistré dans:
Détails bibliographiques
Format: Publication en série
Langue:hongrois
Publié: Budapest Magyar Tudományos Akadémia könyvtára
Sujets:
Tags: Ajouter un tag
Pas de tags, Soyez le premier à ajouter un tag!

MARC

LEADER 00000nas1a2200000 4500
001 s122685
005 20201127124538.3
041 0 |a hun 
044 |a HU 
245 1 0 |a Tudományszervezési tájékoztató 
264 1 |a Budapest  |b Magyar Tudományos Akadémia könyvtára 
500 |a Od r. 1983 vychádza pod názvom Kutatás-fejlesztés 
610 2 0 |a organizácia vedy